[Event "3º Open de Lisboa "]
[Site "Altis Park Hotel - Rua Eng.º A"]
[Date "2015.08.13"]
[Round "6.29"]
[White "MACHADO, Tomás Dias"]
[Black "LOPES, José Manuel Cidreiro"]
[Result "0-1"]
[WhiteElo "1427"]
[BlackElo "1641"]
[PlyCount "104"]
[EventDate "2015.08.08"]

1. e4 c5 2. Nf3 Nc6 3. d4 cxd4 4. Nxd4 g6 5. Be3 Bg7 6. Be2 d5 7. Nxc6 bxc6 8.
Bd4 e5 9. Be3 d4 10. Bc1 Ne7 11. O-O O-O 12. f4 c5 13. Bd3 Nc6 14. Qf3 Nb4 15.
f5 Nxd3 16. cxd3 f6 17. Qg3 Qe8 18. Na3 gxf5 19. exf5 Qh5 20. Qf3 Qxf3 21. Rxf3
Ba6 22. Rg3 Kf7 23. Bd2 Rg8 24. Re1 Rab8 25. b3 Bf8 26. Rh3 Rh8 27. Re4 Ke8 28.
Reh4 Rb7 29. Bh6 Bg7 30. Bd2 Bf8 31. Bh6 Rf7 32. Bxf8 Kxf8 33. Kf2 Rg7 34. Rh6
Kf7 35. Nc2 Bb7 36. g4 Rxg4 37. Rxh7+ Rxh7 38. Rxh7+ Rg7 39. Rxg7+ Kxg7 40. Kg3
e4 41. Ne1 e3 42. h4 Kh6 43. Kf4 Kh5 44. Kg3 a5 45. a3 Bd5 46. b4 cxb4 47. axb4
axb4 48. Nc2 b3 49. Na3 b2 50. Nb1 Ba2 51. Na3 b1=Q 52. Nxb1 Bxb1 0-1

[Event "3º Open de Lisboa "]
[Site "Altis Park Hotel - Rua Eng.º A"]
[Date "2015.08.13"]
[Round "6.30"]
[White "MARTINS, Domingos António Mel"]
[Black "JÚLIO, André Alexandre Mira"]
[Result "0-1"]
[WhiteElo "1291"]
[BlackElo "1521"]
[PlyCount "66"]
[EventDate "2015.08.08"]

1. e4 c5 2. Nf3 g6 3. Nc3 Bg7 4. d3 Nc6 5. Bd2 Nf6 6. Be2 O-O 7. O-O d5 8. exd5
Nxd5 9. Be3 b6 10. d4 Nxe3 11. fxe3 cxd4 12. exd4 Nxd4 13. Rb1 Bf5 14. Bd3 Bxd3
15. cxd3 Rc8 16. Kh1 Nxf3 17. Rxf3 Bxc3 18. bxc3 Rxc3 19. Rb3 Qc7 20. Rb1 Rc8
21. Rf1 Rc2 22. Qf3 f6 23. h3 Qc6 24. Rbe1 Kf7 25. Re4 Rc1 26. Kh2 Qc7+ 27. Rf4
Rxf1 28. Qxf1 g5 29. g3 gxf4 30. gxf4 Rg8 31. Qf3 Qc2+ 32. Kh1 Qc1+ 33. Kh2
Qg1# 0-1

[Event "3º Open de Lisboa "]
[Site "Altis Park Hotel - Rua Eng.º A"]
[Date "2015.08.13"]
[Round "6.31"]
[White "GUERREIRO, Hélder Campos"]
[Black "ENCARNAÇÃO, Filipe Alexandré D"]
[Result "1-0"]
[WhiteElo "1495"]
[BlackElo "1240"]
[PlyCount "41"]
[EventDate "2015.08.08"]

1. d4 d5 2. e4 e6 3. exd5 exd5 4. Nf3 Nf6 5. Bg5 Be7 6. Bd3 Nbd7 7. O-O O-O 8.
Re1 Nb6 9. Nc3 Be6 10. b3 c6 11. a4 a5 12. Ne2 Bg4 13. Ne5 Be6 14. c3 Nbd7 15.
Qc2 h6 16. Bf4 Nxe5 17. Bxe5 Bd6 18. f4 Re8 19. Ng3 Rb8 20. f5 Bxe5 21. dxe5
1-0

[Event "3º Open de Lisboa "]
[Site "Altis Park Hotel - Rua Eng.º A"]
[Date "2015.08.13"]
[Round "6.32"]
[White "ABREU, Alexandré Ribeiro"]
[Black "MARTINS, Abílio Morgado"]
[Result "0-1"]
[WhiteElo "1342"]
[BlackElo "1524"]
[PlyCount "114"]
[EventDate "2015.08.08"]

1. e4 c5 2. Nc3 e6 3. f4 g6 4. Nf3 Bg7 5. d4 cxd4 6. Nxd4 a6 7. Bc4 Ne7 8. Nf3
Qc7 9. Bb3 Bxc3+ 10. bxc3 Qxc3+ 11. Bd2 Qc6 12. Qe2 d5 13. e5 b5 14. O-O O-O
15. Bb4 Qb6+ 16. Qf2 Qxf2+ 17. Rxf2 Nbc6 18. Bd6 Re8 19. g4 Bd7 20. Rd1 Nc8 21.
Bc5 Na5 22. Rg2 Nb7 23. Ba3 Ne7 24. c4 bxc4 25. Bxc4 Na5 26. Bd3 Bb5 27. Bb4
Nac6 28. Bd6 Na5 29. Bb4 Nc4 30. Bxc4 Bxc4 31. a3 Nc6 32. Bd6 Kg7 33. f5 f6 34.
fxe6 Rxe6 35. Re1 fxe5 36. Bxe5+ Nxe5 37. Rxe5 Rxe5 38. Nxe5 Bb5 39. Rd2 Rd8
40. g5 d4 41. Nf3 d3 42. Ne5 Rd4 43. Kf2 Ra4 44. Ra2 Rh4 45. Nf3 Re4 46. Rd2
Ra4 47. Ra2 Bc4 48. Ra1 Bd5 49. Ke3 Kf8 50. Nd4 Bc4 51. Rc1 Bb5 52. Nxb5 axb5
53. Rc3 Rg4 54. Kxd3 Rxg5 55. Rc2 h5 56. Re2 Kf7 57. Rf2+ Ke6 0-1

[Event "3º Open de Lisboa "]
[Site "Altis Park Hotel - Rua Eng.º A"]
[Date "2015.08.14"]
[Round "7.2"]
[White "DUANY, Lelys Stanley Martin"]
[Black "MONTGOMERY, Jan Elkjaer Frants"]
[Result "1-0"]
[WhiteElo "2450"]
[BlackElo "2082"]
[PlyCount "93"]
[EventDate "2015.08.08"]

1. Nf3 d5 2. c4 e6 3. g3 Nf6 4. Bg2 Be7 5. O-O O-O 6. b3 c6 7. Bb2 Nbd7 8. Qc2
b6 9. d4 Bb7 10. Nc3 h6 11. Rfd1 Rc8 12. e4 Qc7 13. e5 Ne8 14. Rac1 Qb8 15. Qe2
Nc7 16. Ne1 Ba6 17. Qg4 b5 18. c5 f5 19. exf6 Nxf6 20. Qg6 b4 21. Na4 Be2 22.
Rd2 Bh5 23. Qc2 Rce8 24. f3 Bd8 25. Nd3 Bg6 26. Re1 Nd7 27. Qd1 Bxd3 28. Rxd3
Bf6 29. f4 Bd8 30. Rde3 Nf6 31. Bf1 Qc8 32. Bd3 Qd7 33. Bg6 Re7 34. Qd2 Na6 35.
Bd3 Qc8 36. Qe2 Nc7 37. Bc1 Qd7 38. Qd2 a5 39. Nb6 Qe8 40. Nc8 Rd7 41. Qe2 Be7
42. Nb6 Rd8 43. Bb2 Qh5 44. Qxh5 Nxh5 45. Rxe6 Nxe6 46. Rxe6 Bf6 47. Bg6 1-0

[Event "3º Open de Lisboa "]
[Site "Altis Park Hotel - Rua Eng.º A"]
[Date "2015.08.14"]
[Round "7.3"]
[White "FIDALGO, André Neves"]
[Black "SILVA, Miguel A Neto Pires"]
[Result "0-1"]
[WhiteElo "2058"]
[BlackElo "2174"]
[PlyCount "130"]
[EventDate "2015.08.08"]

1. e4 c5 2. Nf3 d6 3. d4 cxd4 4. Nxd4 Nf6 5. Nc3 a6 6. Be2 e5 7. Nb3 Be7 8. O-O
O-O 9. f4 exf4 10. Bxf4 Be6 11. Kh1 Nc6 12. Nd4 Nxd4 13. Qxd4 Rc8 14. Rad1 Ne8
15. Bd3 Bf6 16. e5 dxe5 17. Qe4 g6 18. Bxe5 Bxe5 19. Qxe5 Qc7 20. Qxc7 Rxc7 21.
Be4 Kg7 22. Kg1 Nf6 23. Bf3 Bf5 24. Rd6 Be6 25. Rfd1 Re8 26. Rb6 Rb8 27. Rd2
Nd7 28. Rbd6 Ne5 29. Be2 Rbc8 30. Rb6 Bc4 31. Bd1 Be6 32. Be2 h5 33. a3 Bc4 34.
Bd1 Be6 35. Be2 Bf5 36. Kf2 Bg4 37. Bf1 Be6 38. Be2 Nd7 39. Rbd6 Ne5 40. Rb6
Nd7 41. Rbd6 Nf6 42. Bf3 Bg4 43. h3 Be6 44. Rb6 Rb8 45. Rd4 Nd7 46. Rbd6 Ne5
47. Be2 Bf5 48. Bd3 Be6 49. Ke1 Kf8 50. Rd8+ Rxd8 51. Rxd8+ Ke7 52. Rd4 f5 53.
Kd2 Nc6 54. Nd5+ Bxd5 55. Rxd5 Rd7 56. Rxd7+ Kxd7 57. Ke3 Ke6 58. Kf4 Kf6 59.
h4 Nd4 60. Ke3 Ke5 61. g3 Ne6 62. Kf3 Nd4+ 63. Kf2 Ne6 64. c3 Nc5 65. Kf3 Nxd3
0-1

[Event "3º Open de Lisboa "]
[Site "Altis Park Hotel - Rua Eng.º A"]
[Date "2015.08.14"]
[Round "7.4"]
[White "GUERRA, Vitor Manuel Véstia"]
[Black "BRUNIER, Jules"]
[Result "1-0"]
[WhiteElo "2119"]
[BlackElo "2029"]
[PlyCount "91"]
[EventDate "2015.08.08"]

1. d4 d5 2. Nf3 Nf6 3. g3 e6 4. Bg2 Be7 5. O-O O-O 6. c4 c6 7. Nc3 dxc4 8. Ne5
Nd5 9. Nxc4 b5 10. Ne5 a6 11. Ne4 Qb6 12. e3 Nd7 13. Nd3 Bb7 14. Bd2 a5 15. Qc2
b4 16. Rfc1 Ba6 17. Ndc5 Nxc5 18. Nxc5 Rfc8 19. Qb3 Bb5 20. h3 Ra7 21. e4 Nc7
22. Be3 Na6 23. a4 bxa3 24. bxa3 Nxc5 25. dxc5 Qc7 26. a4 Ba6 27. Rab1 Rb7 28.
Qc2 Rb4 29. Bd2 Rc4 30. Qxc4 Bxc4 31. Rxc4 Qd8 32. Bf4 Qd3 33. Rbc1 g5 34. Bf1
Qb3 35. Bd2 Bd8 36. Rd4 e5 37. Rd7 Qb8 38. Bc3 Bc7 39. Bc4 Rf8 40. Rcd1 Qa7 41.
R1d3 Qxc5 42. Bb3 Bb6 43. Rf3 Qa3 44. Bxe5 Qc1+ 45. Kg2 Qb2 46. Bxb2 1-0

[Event "3º Open de Lisboa "]
[Site "Altis Park Hotel - Rua Eng.º A"]
[Date "2015.08.14"]
[Round "7.5"]
[White "GUERREIRO, Nuno Ricardo De Jes"]
[Black "CRACIUN, Ion"]
[Result "1/2-1/2"]
[WhiteElo "2106"]
[BlackElo "2025"]
[PlyCount "71"]
[EventDate "2015.08.08"]

1. e4 e5 2. Nf3 Nc6 3. Nc3 Nf6 4. d4 Nxd4 5. Nxe5 Ne6 6. Bd3 Bb4 7. O-O Bxc3 8.
bxc3 O-O 9. c4 d6 10. Ng4 Nxg4 11. Qxg4 Nc5 12. Qg3 Nxd3 13. cxd3 f5 14. Bb2
Qe7 15. exf5 Bxf5 16. Rfe1 Qf7 17. Re3 Rae8 18. Rae1 Rxe3 19. Rxe3 Bg6 20. Qh4
Re8 21. Qd4 Rxe3 22. Qxe3 b6 23. g4 h5 24. h3 hxg4 25. hxg4 Qe8 26. Qg5 Qf7 27.
Qe3 Qe8 28. Qxe8+ Bxe8 29. Kf1 b5 30. cxb5 Bxb5 31. Ke2 Kf7 32. Ke3 g6 33. Bc3
Ke6 34. f4 c5 35. Be1 a6 36. Ba5 1/2-1/2

[Event "3º Open de Lisboa "]
[Site "Altis Park Hotel - Rua Eng.º A"]
[Date "2015.08.14"]
[Round "7.6"]
[White "DIOGO, Vasco André Marçalo"]
[Black "MORAIS, Vitor Mestre"]
[Result "1-0"]
[WhiteElo "2240"]
[BlackElo "2017"]
[PlyCount "185"]
[EventDate "2015.08.08"]

1. d4 Nf6 2. Bf4 d6 3. e3 Bf5 4. c3 c6 5. Qb3 Qb6 6. Nd2 Nbd7 7. f3 Qxb3 8.
axb3 Nd5 9. Kf2 Nxf4 10. exf4 h5 11. Ne2 e6 12. Ng3 Bg6 13. h4 Be7 14. Nge4 Nf6
15. g3 a6 16. Bh3 O-O-O 17. Rhe1 Rde8 18. b4 Kc7 19. Ng5 Bd8 20. c4 Nh7 21. b5
Nxg5 22. fxg5 axb5 23. cxb5 d5 24. bxc6 Kxc6 25. Rec1+ Kd6 26. Nb3 Bb6 27. Nc5
Bxc5 28. Rxc5 Rc8 29. b4 Rxc5 30. bxc5+ Kc6 31. f4 Bd3 32. Ke3 Be4 33. Bf1 g6
34. Ra5 Rf8 35. Bb5+ Kc7 36. Ra7 Kb8 37. Ra3 Kc7 38. Kd2 f6 39. gxf6 Rxf6 40.
Ra8 Rf7 41. Rg8 b6 42. c6 Re7 43. Ra8 Kd6 44. Ra6 Bf5 45. Kc3 Rc7 46. Kb4 Rxc6
47. Bxc6 Kxc6 48. Ra7 Be4 49. Ra3 Bg2 50. Rc3+ Kb7 51. Ka3 Bh3 52. Kb2 Ka6 53.
Rc7 Kb5 54. Kc3 Bg4 55. Kd2 Kb4 56. Rc6 Kb5 57. Rc1 Bf5 58. Rc8 e5 59. Rd8 exd4
60. Rxd5+ Kc4 61. Rd6 b5 62. Rf6 b4 63. g4 hxg4 64. h5 g3 65. h6 g2 66. Rc6+
Kd5 67. Rc1 g5 68. Rg1 b3 69. Kc1 gxf4 70. Rxg2 Kc4 71. Kb2 f3 72. Rf2 Be4 73.
Rxf3 Bxf3 74. h7 Be4 75. h8=Q Bc2 76. Qc8+ Kd5 77. Qb7+ Kc4 78. Qa6+ Kd5 79.
Kc1 d3 80. Qb5+ Kd4 81. Kd2 Ke4 82. Qc4+ Kf3 83. Qd4 Kg3 84. Qe4 Kh3 85. Qf4
Kg2 86. Kc3 Kh3 87. Qg5 Kh2 88. Qg4 Kh1 89. Qg3 d2 90. Kxd2 b2 91. Qh4+ Kg2 92.
Kxc2 b1=Q+ 93. Kxb1 1-0

[Event "3º Open de Lisboa "]
[Site "Altis Park Hotel - Rua Eng.º A"]
[Date "2015.08.14"]
[Round "7.7"]
[White "SANTOS, José Luis Machado Al"]
[Black "FERREIRA, Carlos André Santos"]
[Result "1-0"]
[WhiteElo "2205"]
[BlackElo "2013"]
[PlyCount "91"]
[EventDate "2015.08.08"]

1. e4 c5 2. Nf3 d6 3. d3 Nc6 4. g3 e5 5. Bg2 Nf6 6. O-O Be7 7. c3 Bg4 8. h3 Bd7
9. Na3 a6 10. Nc2 O-O 11. Ne3 Ne8 12. g4 g6 13. Nd5 Ng7 14. Kh1 Be6 15. Nxe7+
Qxe7 16. Bh6 f6 17. d4 Nd8 18. Nh2 g5 19. d5 Bc8 20. b4 b6 21. bxc5 bxc5 22.
Rb1 Qc7 23. Qd2 Nf7 24. Bxg7 Kxg7 25. Rb2 Bd7 26. Rfb1 Rfb8 27. Nf1 Kf8 28. Ne3
Ke7 29. Bf1 Kd8 30. Kg2 Bc8 31. Bd3 Rxb2 32. Qxb2 Ra7 33. Nc4 Rb7 34. Nb6 Rb8
35. a4 Nh8 36. a5 Ng6 37. Bc4 Nf4+ 38. Kg3 Qg7 39. Rh1 Qh6 40. h4 gxh4+ 41.
Rxh4 Qg5 42. f3 h5 43. Qh2 f5 44. Nxc8 Kxc8 45. exf5 Kc7 46. Qc2 1-0

[Event "3º Open de Lisboa "]
[Site "Altis Park Hotel - Rua Eng.º A"]
[Date "2015.08.14"]
[Round "7.8"]
[White "VIELA, André Filipe Folha"]
[Black "NEGRÃO, Alberto Rodolfo A S"]
[Result "1-0"]
[WhiteElo "2186"]
[BlackElo "1927"]
[PlyCount "111"]
[EventDate "2015.08.08"]

1. c4 Nf6 2. Nc3 d6 3. g3 g6 4. Bg2 Bg7 5. e4 c5 6. Nge2 Nc6 7. O-O O-O 8. d3
a6 9. h3 e6 10. Be3 Qc7 11. Rc1 b6 12. d4 cxd4 13. Nxd4 Bb7 14. Nd5 Qd8 15.
Nxc6 Bxc6 16. Bxb6 Qd7 17. Nxf6+ Bxf6 18. Bd4 e5 19. Be3 Rfd8 20. Qd2 Qb7 21.
f3 Rab8 22. b3 Qb4 23. Qxb4 Rxb4 24. Rfd1 Rbb8 25. Bf1 a5 26. Bd2 Ra8 27. Bc3
Bg5 28. Rc2 Be3+ 29. Kg2 Bc5 30. Bd3 f6 31. Be1 Kf7 32. Re2 Ke7 33. Bc2 Rdb8
34. Bf2 Bb4 35. h4 Rb7 36. g4 h6 37. Be3 Rh8 38. Kg3 Rbb8 39. Rh2 Ke6 40. f4 a4
41. Rf1 axb3 42. axb3 h5 43. Rhf2 exf4+ 44. Bxf4 hxg4 45. Be3 Bc3 46. Kxg4 Rb7
47. Bf4 Bxe4 48. Bxe4 f5+ 49. Kf3 fxe4+ 50. Kxe4 Rxh4 51. Rg2 Rxb3 52. Rxg6+
Kd7 53. Rxd6+ Ke7 54. Rd3 Ra3 55. Rff3 Rxf4+ 56. Kxf4 1-0

[Event "3º Open de Lisboa "]
[Site "Altis Park Hotel - Rua Eng.º A"]
[Date "2015.08.14"]
[Round "7.9"]
[White "RODRIGUES, Luis Miguel Bernard"]
[Black "PIRES, Emanuel João Robarts"]
[Result "0-1"]
[WhiteElo "1882"]
[BlackElo "2133"]
[PlyCount "68"]
[EventDate "2015.08.08"]

1. e4 e6 2. d4 d5 3. exd5 exd5 4. Bd3 Bd6 5. Nc3 Ne7 6. Nge2 O-O 7. O-O Bg4 8.
f3 Bf5 9. Bxf5 Nxf5 10. Qd3 Qd7 11. Nxd5 Bxh2+ 12. Kxh2 Qxd5 13. g4 Nh4 14. Bf4
Na6 15. Qe4 Qa5 16. Qd3 Rae8 17. a3 Ng6 18. Bd2 Qd5 19. Ng3 c5 20. dxc5 Qxc5
21. Ne4 Qc7+ 22. Kg2 Rd8 23. Qc3 Qb8 24. Rad1 Rc8 25. Qb3 Nc5 26. Nxc5 Rxc5 27.
Bb4 Nf4+ 28. Kh1 Rc6 29. Rd2 Rh6+ 30. Rh2 Rxh2+ 31. Kxh2 Re8 32. Kh1 Ne2 33.
Rf2 Qg3 34. Rg2 Qh3+ 0-1

[Event "3º Open de Lisboa "]
[Site "Altis Park Hotel - Rua Eng.º A"]
[Date "2015.08.14"]
[Round "7.10"]
[White "PINTOR, Simão Maciel Abranch"]
[Black "CADEIRINHAS, David Eduardo Lou"]
[Result "1-0"]
[WhiteElo "2089"]
[BlackElo "1877"]
[PlyCount "53"]
[EventDate "2015.08.08"]

1. d4 Nf6 2. c4 g6 3. Nf3 Bg7 4. g3 O-O 5. Bg2 d6 6. O-O Nbd7 7. Qc2 e5 8. Rd1
Qe7 9. dxe5 dxe5 10. e4 Nc5 11. Nc3 c6 12. b4 Ncd7 13. Rb1 Re8 14. c5 Nf8 15.
h3 a5 16. a3 h6 17. Be3 g5 18. Nd2 Be6 19. b5 N6d7 20. Na4 Ng6 21. Nc4 Bxc4 22.
Qxc4 Ndf8 23. bxc6 bxc6 24. Rd6 Ne6 25. Rxc6 Nd4 26. Bxd4 exd4 27. Rxg6 1-0

[Event "3º Open de Lisboa "]
[Site "Altis Park Hotel - Rua Eng.º A"]
[Date "2015.08.14"]
[Round "7.11"]
[White "FIDALGO, Daniel Neves"]
[Black "MARTINS, André G Gomes Brito"]
[Result "0-1"]
[WhiteElo "1802"]
[BlackElo "2009"]
[PlyCount "74"]
[EventDate "2015.08.08"]

1. c4 g6 2. g3 Bg7 3. Bg2 Nf6 4. Nf3 O-O 5. O-O d6 6. d3 e5 7. Nc3 c6 8. Rb1
Nbd7 9. b4 Re8 10. e4 Nf8 11. b5 Qc7 12. bxc6 bxc6 13. Nh4 N6d7 14. Qc2 Ne6 15.
Ne2 Ndc5 16. f4 exf4 17. gxf4 Nd4 18. Nxd4 Bxd4+ 19. Kh1 Bg4 20. Ba3 Qe7 21.
Nf3 Bxf3 22. Rxf3 Rab8 23. Rbf1 Nd7 24. Rh3 c5 25. f5 Rb6 26. fxg6 hxg6 27. Bc1
Reb8 28. Qd2 Bg7 29. Qf2 Rb1 30. Bf4 R8b2 31. Qg3 Be5 32. Kg1 Bd4+ 33. Be3
Rxf1+ 34. Bxf1 Bxe3+ 35. Qxe3 Rxa2 36. Qh6 Qf6 37. Rg3 Qf2+ 0-1

[Event "3º Open de Lisboa "]
[Site "Altis Park Hotel - Rua Eng.º A"]
[Date "2015.08.14"]
[Round "7.12"]
[White "ROMANO, João Manuel Pereira "]
[Black "WESSLEN, Ulf"]
[Result "1-0"]
[WhiteElo "1775"]
[BlackElo "1989"]
[PlyCount "59"]
[EventDate "2015.08.08"]

1. e4 c5 2. Nf3 Nc6 3. Bb5 d6 4. O-O Bd7 5. Re1 Nf6 6. c3 e6 7. d4 a6 8. Bd3
Be7 9. Bg5 cxd4 10. cxd4 Qa5 11. Qd2 Qc7 12. Nc3 e5 13. Bf1 b5 14. Rac1 Qb7 15.
Nd5 Bd8 16. dxe5 dxe5 17. Bxf6 Bxf6 18. Nxf6+ gxf6 19. Qd6 Rg8 20. Qxf6 Rg6 21.
Qh8+ Ke7 22. Qxh7 Rag8 23. Nh4 Rg5 24. Nf5+ Bxf5 25. exf5 Rxg2+ 26. Bxg2 Rxg2+
27. Kxg2 Nd4+ 28. Kg1 Nf3+ 29. Kf1 Nxe1 30. Qh4+ 1-0

[Event "3º Open de Lisboa "]
[Site "Altis Park Hotel - Rua Eng.º A"]
[Date "2015.08.14"]
[Round "7.13"]
[White "LEÃO, Tiago Miguel Da Silv"]
[Black "SOUSA, Tadeu Filipe Leonard"]
[Result "1-0"]
[WhiteElo "1969"]
[BlackElo "1799"]
[PlyCount "117"]
[EventDate "2015.08.08"]

1. d4 Nf6 2. c4 d6 3. Nc3 e5 4. dxe5 dxe5 5. Qxd8+ Kxd8 6. Nf3 Nbd7 7. Ng5 Ke8
8. Nb5 Bd6 9. g3 h6 10. Nxd6+ cxd6 11. Nf3 Nc5 12. Bg2 Be6 13. b3 Rc8 14. Ba3
a5 15. Rd1 Nfe4 16. Bxc5 Rxc5 17. Nxe5 dxe5 18. Bxe4 b5 19. cxb5 Ke7 20. O-O
Rxb5 21. Rc1 a4 22. Bc6 Rb4 23. Bxa4 Rd8 24. Rfd1 Rbd4 25. Rc7+ Kf6 26. Rxd4
Rxd4 27. Rc2 Bf5 28. Rb2 Bh3 29. f3 Rd1+ 30. Kf2 Rh1 31. b4 Rxh2+ 32. Ke3 Rh1
33. b5 Rc1 34. b6 Rc8 35. b7 Rb8 36. Bc6 Ke7 37. f4 exf4+ 38. Kxf4 Bd7 39. Bg2
Kd6 40. Ke3 Re8+ 41. Kd4 Kc7 42. Rc2+ Kb8 43. Bf3 Bb5 44. Kc5 Ba6 45. Kb6 Re6+
46. Rc6 Rxc6+ 47. Bxc6 Bxe2 48. a4 f5 49. a5 g5 50. a6 Bxa6 51. Kxa6 h5 52. Bd7
f4 53. gxf4 gxf4 54. Bc6 h4 55. Bf3 h3 56. Be4 h2 57. Bh1 f3 58. Bxf3 h1=N 59.
Bxh1 1-0

[Event "3º Open de Lisboa "]
[Site "Altis Park Hotel - Rua Eng.º A"]
[Date "2015.08.14"]
[Round "7.14"]
[White "SOARES, Pedro José Garcia Pi"]
[Black "GARCIA, António Manuel Da Co"]
[Result "1/2-1/2"]
[WhiteElo "1657"]
[BlackElo "1957"]
[PlyCount "31"]
[EventDate "2015.08.08"]

1. d4 Nf6 2. c4 e6 3. Nf3 b6 4. g3 Bb7 5. Bg2 Be7 6. O-O O-O 7. Nc3 d5 8. b3
Nbd7 9. Bb2 c5 10. e3 Rc8 11. cxd5 exd5 12. Qd2 Re8 13. Rfd1 cxd4 14. exd4 Bb4
15. Rac1 Bxc3 16. Rxc3 1/2-1/2

[Event "3º Open de Lisboa "]
[Site "Altis Park Hotel - Rua Eng.º A"]
[Date "2015.08.14"]
[Round "7.15"]
[White "STELIAN, Turtã"]
[Black "CORREIA, Jorge Paulo Cardoso "]
[Result "1-0"]
[WhiteElo "1905"]
[BlackElo "1770"]
[PlyCount "82"]
[EventDate "2015.08.08"]

1. d4 Nf6 2. Nf3 d5 3. Bf4 c6 4. h3 Nbd7 5. e3 Qb6 6. Qc1 c5 7. c3 Ne4 8. Bd3
Ndf6 9. Ne5 g5 10. Bh2 Bf5 11. Qc2 e6 12. g4 Bg6 13. f3 Nd6 14. Bxg6 hxg6 15.
Bg3 cxd4 16. exd4 Rc8 17. Bf2 Bg7 18. Nd2 O-O 19. h4 gxh4 20. Rxh4 Qd8 21.
O-O-O Nd7 22. Nxd7 Qxd7 23. Rdh1 Ne8 24. Be3 f5 25. Bh6 Bxh6 26. Rxh6 Qg7 27.
Qd3 Nf6 28. Qe3 Kf7 29. g5 Nh5 30. R1xh5 Rh8 31. Rxh8 Rxh8 32. Rxh8 Qxh8 33.
Qe5 Qd8 34. f4 b5 35. Nb3 b4 36. Nc5 Qe7 37. cxb4 a6 38. Qh8 Qd6 39. Qf6+ Kg8
40. Qxg6+ Kh8 41. Qh6+ Kg8 1-0

[Event "3º Open de Lisboa "]
[Site "Altis Park Hotel - Rua Eng.º A"]
[Date "2015.08.14"]
[Round "7.16"]
[White "JESUS, João Pedro Mendes De"]
[Black "REIS, Luís De Sousa Almeid"]
[Result "0-1"]
[WhiteElo "1764"]
[BlackElo "2196"]
[PlyCount "38"]
[EventDate "2015.08.08"]

1. d4 Nf6 2. c4 c5 3. Nf3 cxd4 4. Nxd4 e5 5. Nb5 d5 6. e3 a6 7. N5a3 Nc6 8. Be2
d4 9. Nc2 Bf5 10. exd4 exd4 11. Bf3 Qe7+ 12. Kf1 O-O-O 13. Bf4 Ne5 14. Bxe5
Qxe5 15. Nd2 Bc5 16. g4 d3 17. gxf5 dxc2 18. Qxc2 Qf4 19. Qb3 b6 0-1

[Event "3º Open de Lisboa "]
[Site "Altis Park Hotel - Rua Eng.º A"]
[Date "2015.08.14"]
[Round "7.17"]
[White "FERREIRA, Hugo Miguel Da Costa"]
[Black "ROCHA, Manuel Fernando Teix"]
[Result "1/2-1/2"]
[WhiteElo "2133"]
[BlackElo "1827"]
[PlyCount "134"]
[EventDate "2015.08.08"]

1. d4 d5 2. Nf3 Nf6 3. Bg5 Nbd7 4. Nbd2 e6 5. c4 dxc4 6. Qa4 c5 7. Nxc4 cxd4 8.
Bf4 Be7 9. Nd6+ Kf8 10. Ng5 Qb6 11. Ngxf7 e5 12. Nxh8 Bxd6 13. Qc4 Qb4+ 14.
Qxb4 Bxb4+ 15. Bd2 Bxd2+ 16. Kxd2 Kg8 17. e3 dxe3+ 18. Kxe3 Ng4+ 19. Kf3 Ndf6
20. Bc4+ Kxh8 21. Rhd1 Bf5 22. h3 Be4+ 23. Ke2 Nh6 24. g4 Nhg8 25. g5 Nh5 26.
Ke3 Bc6 27. Rd6 Ne7 28. Be6 Nf4 29. Rad1 Nxe6 30. Rxe6 Nf5+ 31. Kd2 Nd4 32. Re7
Rf8 33. Kc3 Nf3 34. h4 e4 35. Rf7 Rc8 36. Kb4 Nxh4 37. Rd6 Kg8 38. Re7 Kf8 39.
Re5 Ng6 40. Rf5+ Ke7 41. Rd1 b6 42. f3 exf3 43. Re1+ Kd8 44. Rf7 Rc7 45. Rd1+
Rd7 46. Rdxd7+ Bxd7 47. Rxf3 a6 48. Rf7 Ke8 49. Rxg7 Nf8 50. a4 a5+ 51. Ka3 b5
52. axb5 Bxb5 53. Rb7 Bc6 54. Rc7 Bd7 55. b3 Ne6 56. Ra7 Nxg5 57. Rxa5 h6 58.
b4 Kd8 59. Ra8+ Ke7 60. Kb3 h5 61. Rh8 Be8 62. b5 Ne6 63. Kb4 Nd8 64. Kc5 Bg6
65. b6 Nb7+ 66. Kc6 Be4+ 67. Kc7 Bf3 1/2-1/2

[Event "3º Open de Lisboa "]
[Site "Altis Park Hotel - Rua Eng.º A"]
[Date "2015.08.14"]
[Round "7.18"]
[White "PRATA, José Miguel Mendes"]
[Black "MENDES, Modeste"]
[Result "0-1"]
[WhiteElo "2003"]
[BlackElo "1816"]
[PlyCount "74"]
[EventDate "2015.08.08"]

1. e4 e6 2. d3 d5 3. Nd2 Nf6 4. Ngf3 c5 5. g3 Nc6 6. Bg2 Be7 7. O-O O-O 8. e5
Nd7 9. Re1 Qc7 10. Qe2 b6 11. Nf1 h6 12. h4 Bb7 13. c3 Rae8 14. Bf4 Qd8 15.
N1h2 f5 16. exf6 Bxf6 17. Ng4 e5 18. Nxf6+ Rxf6 19. Bh3 Ref8 20. Bxd7 Qxd7 21.
Nxe5 Nxe5 22. Qxe5 Qg4 23. Kf1 Qh3+ 24. Kg1 d4 25. Re4 dxc3 26. bxc3 c4 27.
dxc4 Bxe4 28. Qxe4 Rxf4 29. gxf4 Qg4+ 30. Kf1 Rxf4 31. Qd5+ Kh8 32. h5 Qh3+ 33.
Ke2 Rf5 34. Qd8+ Kh7 35. Re1 Qxh5+ 36. Kd2 Rxf2+ 37. Kc1 Qf5 0-1

[Event "3º Open de Lisboa "]
[Site "Altis Park Hotel - Rua Eng.º A"]
[Date "2015.08.14"]
[Round "7.19"]
[White "MARTINS, Bruno André Leite"]
[Black "ROXO, Agostinho José Gonça"]
[Result "1-0"]
[WhiteElo "1703"]
[BlackElo "1882"]
[PlyCount "83"]
[EventDate "2015.08.08"]

1. e4 c5 2. Nf3 Nc6 3. d4 cxd4 4. Nxd4 Nf6 5. Nc3 e6 6. Bg5 h6 7. Bh4 Bb4 8.
Nxc6 bxc6 9. Qf3 Be7 10. e5 Nd5 11. Bxe7 Qxe7 12. Nxd5 exd5 13. O-O-O Qxe5 14.
Bd3 O-O 15. Rde1 Qg5+ 16. Kb1 d6 17. h4 Qg4 18. Qe3 Be6 19. g3 a5 20. f3 Qb4
21. c3 Qb7 22. f4 Rab8 23. Rh2 Rfe8 24. Rhe2 c5 25. Ka1 Kf8 26. f5 Bd7 27. Qf4
Qc6 28. f6 Rxe2 29. Rxe2 Re8 30. fxg7+ Kxg7 31. Rxe8 Bxe8 32. Qf5 c4 33. Qh7+
Kf8 34. Qxh6+ Ke7 35. Qg5+ Kf8 36. Bb1 Qc5 37. Qf6 a4 38. h5 a3 39. h6 d4 40.
h7 axb2+ 41. Kxb2 dxc3+ 42. Ka1 1-0

[Event "3º Open de Lisboa "]
[Site "Altis Park Hotel - Rua Eng.º A"]
[Date "2015.08.14"]
[Round "7.20"]
[White "SANTOS, Júlio Fernandes Dos"]
[Black "ALVES, Luis Miguel Guerreir"]
[Result "1-0"]
[WhiteElo "1867"]
[BlackElo "1761"]
[PlyCount "117"]
[EventDate "2015.08.08"]

1. e4 Nf6 2. e5 Nd5 3. d4 d6 4. c4 Nb6 5. exd6 cxd6 6. Bd3 Nc6 7. Be3 g6 8. Kf1
Bg7 9. Ne2 O-O 10. Qd2 Nb4 11. Qxb4 a5 12. Qd2 e5 13. h4 f5 14. Bg5 Qd7 15. c5
e4 16. Bc2 Nc4 17. Bb3 d5 18. Qc2 b5 19. a4 Ba6 20. Nbc3 b4 21. Nd1 Bxd4 22.
Be3 Bg7 23. Kg1 Ne5 24. Nf4 Bc4 25. Ne2 Bxe2 26. Qxe2 Nd3 27. g3 h5 28. Bc2 Ne5
29. Qb5 Nc6 30. Bb3 Kh7 31. Bf4 d4 32. Rc1 Bh6 33. Bxh6 Kxh6 34. Qe2 Kh7 35.
Qc4 Qc7 36. Qe6 Rad8 37. Kg2 Kg7 38. Rf1 Rf6 39. Qc4 Ne5 40. Qb5 d3 41. Ne3 f4
42. Nd5 f3+ 43. Kh2 Ng4+ 44. Kg1 Qc8 45. c6 Nh6 46. Qb7+ Rf7 47. Qxc8 Rxc8 48.
Nb6 Rcc7 49. Bxf7 Nxf7 50. Nd5 Rc8 51. c7 d2 52. Rc5 Nd6 53. Nb6 Re8 54. c8=Q
Nxc8 55. Nxc8 Rd8 56. Rd1 b3 57. Nb6 Rd6 58. Nc4 Rd4 59. Rxd2 1-0

[Event "3º Open de Lisboa "]
[Site "Altis Park Hotel - Rua Eng.º A"]
[Date "2015.08.14"]
[Round "7.22"]
[White "ALMEIDA, Diogo António"]
[Black "BRAVO, António José Vieira"]
[Result "1/2-1/2"]
[WhiteElo "1346"]
[BlackElo "1835"]
[PlyCount "48"]
[EventDate "2015.08.08"]

1. d4 Nf6 2. c4 c5 3. dxc5 Qa5+ 4. Nc3 Qxc5 5. e3 g6 6. Nf3 Bg7 7. Be2 O-O 8.
O-O d6 9. Rb1 Bf5 10. Bd3 Bxd3 11. Qxd3 Nc6 12. Bd2 Nb4 13. Qe2 Qh5 14. a3 Nc6
15. Rfc1 Rfd8 16. b4 d5 17. c5 Ne4 18. b5 Nxd2 19. Qxd2 Na5 20. Nxd5 Rxd5 21.
Qxa5 Rxc5 22. Qb4 Rac8 23. Rxc5 Qxc5 24. Qxc5 Rxc5 1/2-1/2